Английский сонет XVI-XIX веков: [Сборник

Dettagli Bibliografici
Altri autori: Горбунов А. Н. (автор предисловия), Краснова Э. А. (составитель), Белоусова Е. М. (иллюстратор)
Riassunto:Загл. на доп.тит.л.: English sonnets 16th to 19th centuries.
Текст стихов парал. : англ., рус.
Lingua:inglese
russo
Pubblicazione: Москва, Радуга, 1990
Soggetti:
Natura: MixedMaterials Libro
KOHA link:https://koha.lib.tpu.ru/cgi-bin/koha/opac-detail.pl?biblionumber=132774

MARC

LEADER 00000nam0a2200000 4500
001 132774
005 20231101220404.0
010 |a 5050024242 
020 |a RU  |b 90-22118 
035 |a (RuTPU)RU\TPU\book\143767 
090 |a 132774 
100 |a 20080306d1990 m y0rusy5003 ca 
101 1 |a eng  |c eng  |a rus 
102 |a RU 
105 |a y z 001gy 
200 1 |a Английский сонет XVI-XIX веков  |e [Сборник  |f Составление А. Л. Зорина  |g Предисл. А. Н. Горбунова, с. 41-60; Коммент. Э. А. Красновой; Худож. Е. М. Белоусова] 
210 |a Москва  |c Радуга  |d 1990 
215 |a 697,[1] с.  |c ил.  |d 22 см 
300 |a Загл. на доп.тит.л.: English sonnets 16th to 19th centuries. 
300 |a Текст стихов парал. : англ., рус. 
320 |a Библиогр. в примеч.: с. 607-698 
327 1 |a Содерж.: Авт.: Т. Уайет, Г. Г. Серрей, Д. Гаскойн, Дж. Флетчер-старший, Э. Спенсер, У. Рэли, Ф. Сидни, Ф. Гревилл, Д. Чапмен, Ч. Бест и др. 
500 1 0 |a English sonnets 16th to 19th centuries 
606 1 |a Английская литература  |2 stltpush  |3 (RuTPU)RU\TPU\subj\29042  |9 52454 
610 1 |a сонеты 
610 1 |a 19 век 
675 |a 82  |z rus  |v 3 
702 1 |a Горбунов  |b А. Н.  |4 080 
702 1 |a Краснова  |b Э. А.  |4 220 
702 1 |a Белоусова  |b Е. М.  |4 440 
801 0 |a RU  |b RuMRKP  |c 19950417  |g psbo 
801 1 |a RU  |b 63413507  |c 20080306  |g PSBO 
801 2 |a RU  |b 63413507  |c 20080306  |g PSBO 
942 |c BK